000 01096nam a22003377a 4500
001 BR6000407
003 BR-BrBNA
005 20230928083024.0
007 ta
008 230509b bl.||||| |||| 00| 0 por d
040 _aBR-BrBNA
_bpor
_cBiblioteca Nacional de Agricultura
041 _a(Por)
072 _aE10; E30
_b/G514
090 _ E10 BR6000407
100 1 _aFontoura, A.
110 1 _aPrograma de Redistribuicao de Terras e de Estimulos a Agroindustria do Norte e Nordeste, Brasilia, DF (Brasil)
_97985
245 1 _aA agricultura. Desenvolvimento agro-pecuario. Reforma agraria. PROTERRA [Programa de Redistribuicao de Terras e de Estimulos a Agroindustria do Norte e Nordeste; Brasil]
260 3 _aBrasilia, DF (Brasil):
_c1971.
300 _a7 p.
500 _a7 illus.
650 _aECONOMIA AGRICOLA
650 _aDESENVOLVIMENTO AGRICOLA
650 _aPECUARIA
650 _aLATIFUNDIO
650 _aUSO DA TERRA
650 _aREFORMA AGRARIA
650 _aREGIAO NORTE
650 _aREGIAO NORDESTE
909 _a202309
_bLucia
_c55
_dLucia Elande
942 _cBK
999 _c11143
_d11143